000 00665nam a22002297a 4500
003 UA-OsUOA
001 83655
007 ta
008 20120424b un ||||| |||| 00| 0 ukr d
090 _a821.161.2
_bЦ18
942 _cBK
040 _aUA-OsUOA
_bukr
_cUA-OsUOA
_dUA-OsUOA
245 _aЦар соловей. Літературні казки українських письменників
300 _a384 с.
955 _a2
041 _aukr
080 _a821.161.2
020 _a978-966-1615-43-3
260 _aДонецьк
_bДонбас
_c2011
650 7 _a82 Література. Літературознавство
_2UDC
999 _c369968
_d369968